000 nam a22 a 4500
999 _c390748
_d390748
003 BLK
005 20201027151730.0
008 201027b bu ||||| |||| 00| 0 bu d
040 _aBLK
041 _aLAT
_cDRU
080 _aЛатинска (римска) литература
_b821.124
_x-6
_z821.124-6
100 _91299
_aPlinius Caecilius Secundus, Caius
_eпърви автор
245 _aC. Plinii Caecilii Secundi consulis Panegyricus
_bNervae Trajano Augusto
_cCaius Plinius Caecilius Secundus
260 _9210229
_aParis
_bHachette
_c1845
300 _a185 с.
_c18 см
380 _aX
490 _9435080
_aКолекция Редки и ценни издания
852 _aРл 845
_bРц
942 _cKNG
_n0
_s1
944 _aCR
_c2020-10-27
_kВЙ